Statistics for Pro Wrestling Acronyms

Click here to take the quiz!

General Stats

  • This quiz has been taken 48 times
  • The average score is 14 of 18

Answer Stats

HintAnswer% Correct
WWFWorld Wrestling Federation
100%
NWONew World Order
90%
WCWWorld Championship Wrestling
90%
AEWAll Elite Wrestling
87%
NJPWNew Japan Pro Wrestling
87%
TNATotal Nonstop Action
87%
DXD-Generation X
85%
ECWExtreme Championship Wrestling
85%
HBKHeart Break Kid
85%
ROHRing of Honor
85%
NWANational Wrestling Alliance
82%
AJPWAll Japan Pro Wrestling
79%
OVWOhio Valley Wrestling
79%
HHHHunter Hearst Helmsley
72%
PWGPro Wrestling Guerrilla
64%
CZWCombat Zone Wrestling
62%
EC3Ethan Carter III
56%
GLOWGorgeous Ladies of Wrestling
56%

Score Distribution

Percentile by Number Answered

Percent of People with Each Score

Your Score History

You have not taken this quiz